000 006120000a22002170004500
003 LK-CoMWRAF
005 20231102154357.0
008 230817t1980 ||||| |||| 00| 0 eng d
020 _a0060907428
040 _aLK-CoMWRAF
_dLK-CoMWRAF
_eLK-CoMWRAF
041 _aeng
082 _a362.82
_bWAL
100 _aWalker, Lenore E.
245 _aThe Battered Woman
260 _aNew York:
_bHarper Colophon Books,
_c1980
300 _axviii, 270 p. ; 22 cm.
_bIndex included
650 _aABUSED WIVES
650 _aWife abuse--United States
650 _aAbused wives--Services for--United States
942 _cBK
999 _c2255
_d2255